LEADER 02071nam0 22004453i 450 001 LO10064776 005 20231121125515.0 010 $a8806017691$b7. ed. 1984 020 $aIT$b60-6137 100 $a20030605d1960 ||||0itac50 ba 101 | $aita 102 $ait 181 1$6z01$ai $bxxxe 182 1$6z01$an 200 1 $aLutero$fRoland H. Bainton$gprefazione di Delio Cantimori$g[traduzione di Aldo Comba] 210 $aTorino$cG. Einaudi$d1960 215 $aXXIX, 379 p., [1] carta di tav.$cill.$d22 cm. 225 | $aBiblioteca di cultura storica$v65 410 0$1001CFI0014683$12001 $aBiblioteca di cultura storica$v65 500 10$aHere I stand.$3RAV0078316$9CFIV100721$916620 606 $aLutero, Martino$2FIR$3RMLC001809$9I 676 $a270.6$9STORIA DELLA CHIESA. PERIODO DELLA RIFORMA E DELLA CONTRORIFORMA (1517-1648)$v22 700 1$aBainton$b, Roland Herbert$3CFIV100721$4070$0289992 702 1$aCantimori$b, Delio$3CFIV043018$4080 702 1$aComba$b, Aldo$3RAVV073134$4730 790 1$aBainton$b, Roland$3MILV227172$zBainton, Roland Herbert 790 1$aBainton$b, Roland H.$3SBNV102259$zBainton, Roland Herbert 790 1$aBainton$b, H. Ronald$3SBNV102260$zBainton, Roland Herbert 801 3$aIT$bIT-01$c20030605 850 $aIT-RM0289 $aIT-RM0542 $aIT-RM0418 $aIT-RM1605 $aIT-FR0017 899 $aBiblioteca Statale A. Baldini$bRM0289 899 $aBIBLIOTECA DEL MINISTERO DEGLI AFFARI ESTERI$bRM0542 899 $aBIBLIOTECA ACCADEMIA NAZ. DEI LINCEI E CORSINIANA$bRM0418 899 $aBiblioteca Della Persona - Istituto Internazionale Jacques Maritain$bRM1605 899 $aBiblioteca umanistica Giorgio Aprea$bFR0017 $eN 912 $aLO10064776 950 0$aBiblioteca umanistica Giorgio Aprea$d 52MAG 8 COLL P 65$e 52MAG0000054215 VMB RS $fA $h20140128$i20140128 977 $a 04$a 09$a 10$a 42$a 52 996 $aHere I stand$916620 997 $aUNICAS